000 00431pab a2200157 454500
008 180718b2002 xxu||||| |||| 00| 0 eng d
100 _aGould, Jon B.
245 _aPlaying with fire: the civil liberrties implications of September 11th
260 _c2002
300 _ap.74-79.
362 _aSep
650 _aHuman rights - United States
650 _aHuman rights
773 _aPublic Administration Review
909 _a54986
999 _c54986
_d54986